Informácie Ministerstva poľnohospodárstva a výživy Slovenskej republiky

Bibliographic Details
New Title:Informácie Ministerstva pôdohospodárstva Slovenskej republiky
Format: Journal
Language:Slovak
PhysicalDescription:zv. cm
Published: Bratislava Ministerstvo poľnohospodárstva a výživy 1972-1992
Bratislava Príroda
ISSN:0862-9994
Subjects:

MARC

LEADER 00000cas a2200000 a 4500
001 vtls008883931
003 SK-MaSNL
005 20260228162219.0
008 021126d19721992xo sr|p r 0 0 b0sloo
022 |a 0862-9994 
035 |a (SVKBB03)vtls000141772 
040 |a SVKBB  |b slo  |c SVKBB  |d SNK  |e AACR2 
041 0 |a slo 
044 |a xo  |c SK 
072 7 |a 63  |x Poľnohospodárstvo a príbuzné oblasti vedy a techniky  |2 konspekt 
072 7 |a 612  |x Fyziológia človeka a porovnávacia fyziológia  |2 konspekt 
080 |a 63  |2 2011 
080 |a 050  |2 2011 
080 |a (051)  |2 2011 
080 |a 612.39  |2 2011 
210 0 |a Inf. Min. poľnohosp. výž. Slov. rep. 
222 0 |a Informácie Ministerstva poľnohospodárstva a výživy Slovenskej republiky 
245 0 0 |a Informácie Ministerstva poľnohospodárstva a výživy Slovenskej republiky 
260 |a Bratislava  |b Ministerstvo poľnohospodárstva a výživy  |c 1972-1992 
260 3 |3 1992  |a Bratislava  |b Príroda 
300 |a zv.  |c cm 
310 |a Nepravidelne 
550 |a 1972-1991 vydáva Ministerstvo poľnohospodárstva a výživy SR v Inštitúte výchovy a vzdelávania Ministerstva poľnohospodárstva a výživy SR. 
550 |a Od roku 1992 vydáva Ministerstvo pôdohospodárstva Slovenskej republiky v Prírode, Bratislava. 
650 0 7 |a poľnohospodárstvo  |2 SNKPH  |9 679 
650 0 7 |a výživa  |2 SNKPH  |9 2615 
655 7 |a časopisy  |2 SNKPH  |9 76610 
710 1 |a Slovensko (Československo).  |b Ministerstvo poľnohospodárstva a výživy.  |b Inštitút výchovy a vzdelávania  |4 pbl  |9 217465 
785 0 0 |t Informácie Ministerstva pôdohospodárstva Slovenskej republiky 
910 |a snk 
999 |c 7159  |d 9089 
952 |0 0  |1 0  |4 0  |7 0  |a SNK  |b SNK  |d 1997-04-30  |l 0  |o snkČSB 2626/22/1994 D1  |p 17A0064537  |r 2005-01-02 00:00:00  |t č. 1-6  |w 2026-02-21  |y PREZ 
952 |0 0  |1 0  |4 0  |7 1  |8 1  |a SNK  |b SNK  |d 2008-12-11  |i snk2008/23327  |l 0  |o snkČSB 2626/14/1986  |p 17A0582351  |r 2026-02-21 20:15:18  |t len č. 1-5  |w 2026-02-21  |y NEVYP 
952 |0 0  |1 0  |4 0  |7 1  |8 1  |a SNK  |b SNK  |d 2008-12-11  |i snk2008/23324  |l 0  |o snkČSB 2626/15/1987  |p 17A0582354  |r 2026-02-21 20:16:48  |t č. 1-24 + ob., neúpl.  |w 2026-02-21  |y NEVYP  |z chýba č. 10 
952 |0 0  |1 0  |4 0  |7 0  |a SNK  |b SNK  |d 1998-02-03  |l 0  |o snkČSB 2626/20/1992 D1  |p 17A0121779  |r 2005-01-02 00:00:00  |t č. 1-20  |w 2026-02-21  |y PREZ 
952 |0 0  |1 0  |4 0  |7 0  |a SNK  |b SNK  |d 1999-04-01  |l 0  |o snkČSB 2626/20/1992  |p 17A0188303  |r 2005-01-02 00:00:00  |t č. 1-20  |w 2026-02-21  |y PREZ 
952 |0 0  |1 0  |4 0  |7 0  |a SNK  |b SNK  |d 1998-04-15  |l 0  |o snkČSB 2626/21/1993  |p 17A0135136  |r 2005-01-02 00:00:00  |t č. 1-24  |w 2026-02-21  |y PREZ 
952 |0 0  |1 0  |4 0  |7 0  |a SNK  |b SNK  |d 2008-06-19  |i snkČSP 5238/92  |l 0  |o snkČSB 2626/19/1991 D1  |p 17A0588402  |r 2026-02-21 21:23:03  |t č. 1-24  |w 2026-02-21  |y PREZ 
952 |0 0  |1 0  |4 0  |7 1  |8 1  |a SNK  |b SNK  |d 2008-12-11  |i snk2008/23322  |l 0  |o snkČSB 2626/13/1985  |p 17A0582369  |r 2026-02-21 21:23:11  |t č. 1-24 + ob., neúpl.  |w 2026-02-21  |y NEVYP  |z chýba č. 1 
952 |0 0  |1 0  |4 0  |7 1  |8 1  |a SNK  |b SNK  |d 2008-12-11  |i snk2008/23323  |l 0  |o snkČSB 2626/14/1986  |p 17A0582355  |r 2026-02-21 21:23:11  |t č. 1-24  |w 2026-02-21  |y NEVYP 
952 |0 0  |1 0  |4 0  |7 1  |8 1  |a SNK  |b SNK  |d 2008-12-11  |i snk2008/23326  |l 0  |o snkČSB 2626/16/1988  |p 17A0582353  |r 2026-02-21 21:23:11  |t č. 1-24, neúpl.  |w 2026-02-21  |y NEVYP  |z chýba č. 11 
952 |0 0  |1 0  |4 0  |7 0  |a SNK  |b SNK  |d 1999-04-01  |l 0  |o snkČSB 2626/19/1991  |p 17A0188300  |r 2005-01-02 00:00:00  |t č. 1-24  |w 2026-02-21  |y PREZ